La estrategia de Chochueca / Rita Indiana Hernánez
Spremljeno u:
| Glavni autor: | |
|---|---|
| Format: | Knjiga |
| Jezik: | Spanish |
| Izdano: |
Santo Domingo, República Dominicana:
Isla negra editores,
2004.
|
| Serija: | Colección La montaña de papel
|
| Teme: | |
| Oznake: |
Dodaj oznaku
Bez oznaka, Budi prvi tko označuje ovaj zapis!
|
MARC
| LEADER | 00000nam a22000007a 4500 | ||
|---|---|---|---|
| 008 | 150417s2004 r | |||| 000 fdspa d | ||
| 040 | |a CRU CIICLA | ||
| 082 | |a RD863.4 |b I-39e2 | ||
| 100 | 1 | |a Indiana Hernández, Rita |c 1977- | |
| 245 | 1 | 3 | |a La estrategia de Chochueca / |b Rita Indiana Hernánez |
| 250 | |b 2. edición | ||
| 260 | |a Santo Domingo, República Dominicana: |b Isla negra editores, |c 2004. | ||
| 300 | |a 72 páginas | ||
| 490 | 1 | |a Colección La montaña de papel | |
| 650 | 1 | 4 | |a LITERATURA DOMINICANA |v NOVELA |
| 942 | |2 ddc |c BK | ||
| 999 | |c 4017 |d 4017 | ||
